U.S. Cities by Black Population - Statistics

General Stats
  • This quiz has been taken 1,320 times
  • The average score is 18 of 24
Answer Stats
Hint Answer % Correct
1,931,889 New York
98%
889,783 Chicago
95%
372,821 Los Angeles
95%
596,963 Detroit
92%
228,575 Atlanta
90%
495,792 Houston
90%
300,502 Dallas
89%
662,568 Philadelphia
85%
308,617 Washington D.C.
83%
147,088 Boston
82%
207,691 New Orleans
82%
400,138 Baltimore
79%
412,759 Memphis
76%
213,920 Cleveland
75%
260,726 Charlotte
71%
160,631 St. Louis
70%
175,416 Nashville
69%
256,648 Jacksonville
66%
235,521 Indianapolis
61%
233,108 Columbus
58%
142,748 Kansas City
58%
243,059 Milwaukee
57%
156,470 Birmingham
50%
142,817 Louisville
49%
No matching quizzes found
Score Distribution
Percent of People with Each Score
Percentile by Number Answered
Your Score History
You have not taken this quiz